000 00331 a2200157 4500
001 166656
020 _a
040 _cMagnum
100 _aChartier, Roger (Org.)
240 1 0 _aPraticas da leitura
_lpor
245 1 0 _aPraticas da leitura
362 0 _a1899
440 1 _aEstação Liberdade
697 _aGERAL
942 _cBK
999 _c166656
_d166656